<?xml version="1.0" encoding="UTF-8"?>
<record
    xmlns:xsi="http://www.w3.org/2001/XMLSchema-instance"
    xsi:schemaLocation="http://www.loc.gov/MARC21/slim http://www.loc.gov/standards/marcxml/schema/MARC21slim.xsd"
    xmlns="http://www.loc.gov/MARC21/slim">

  <leader>02058    a2200253   4500</leader>
  <controlfield tag="003">NALT</controlfield>
  <controlfield tag="005">20241227094959.0</controlfield>
  <controlfield tag="008">240311b        th ||||| |||| 00| 0 tha d</controlfield>
  <datafield tag="020" ind1=" " ind2=" ">
    <subfield code="a">9786165980548</subfield>
  </datafield>
  <datafield tag="040" ind1=" " ind2=" ">
    <subfield code="a">NALT</subfield>
  </datafield>
  <datafield tag="050" ind1=" " ind2=" ">
    <subfield code="a">H 97</subfield>
    <subfield code="b">&#xE1B;266&#xE19; 2566</subfield>
  </datafield>
  <datafield tag="100" ind1=" " ind2=" ">
    <subfield code="a">&#xE1B;&#xE23;&#xE30;&#xE14;&#xE34;&#xE29;&#xE10;&#xE4C; &#xE14;&#xE35;&#xE27;&#xE31;&#xE12;&#xE19;&#xE01;&#xE38;&#xE25;</subfield>
  </datafield>
  <datafield tag="245" ind1="1" ind2="0">
    <subfield code="a">&#xE19;&#xE42;&#xE22;&#xE1A;&#xE32;&#xE22;&#xE2A;&#xE32;&#xE18;&#xE32;&#xE23;&#xE13;&#xE30;&#xE41;&#xE25;&#xE30;&#xE01;&#xE32;&#xE23;&#xE27;&#xE32;&#xE07;&#xE41;&#xE1C;&#xE19; =</subfield>
    <subfield code="b">Public policy &amp; planning /</subfield>
    <subfield code="c">&#xE1B;&#xE23;&#xE30;&#xE14;&#xE34;&#xE29;&#xE10;&#xE4C; &#xE14;&#xE35;&#xE27;&#xE31;&#xE12;&#xE19;&#xE01;&#xE38;&#xE25;.</subfield>
  </datafield>
  <datafield tag="246" ind1="3" ind2="1">
    <subfield code="a">Public policy &amp; planning.</subfield>
  </datafield>
  <datafield tag="250" ind1=" " ind2=" ">
    <subfield code="a">&#xE1E;&#xE34;&#xE21;&#xE1E;&#xE4C;&#xE04;&#xE23;&#xE31;&#xE49;&#xE07;&#xE17;&#xE35;&#xE48; 1.</subfield>
  </datafield>
  <datafield tag="260" ind1=" " ind2=" ">
    <subfield code="a">&#xE01;&#xE23;&#xE38;&#xE07;&#xE40;&#xE17;&#xE1E;&#xE2F; : </subfield>
    <subfield code="b">&#xE2A;&#xE33;&#xE19;&#xE31;&#xE01;&#xE1E;&#xE34;&#xE21;&#xE1E;&#xE4C;&#xE08;&#xE38;&#xE2C;&#xE32;&#xE25;&#xE07;&#xE01;&#xE23;&#xE13;&#xE4C;&#xE21;&#xE2B;&#xE32;&#xE27;&#xE34;&#xE17;&#xE22;&#xE32;&#xE25;&#xE31;&#xE22;, </subfield>
    <subfield code="c">2566.</subfield>
  </datafield>
  <datafield tag="300" ind1=" " ind2=" ">
    <subfield code="a">384 &#xE2B;&#xE19;&#xE49;&#xE32; : </subfield>
    <subfield code="b">&#xE41;&#xE1C;&#xE19;&#xE20;&#xE39;&#xE21;&#xE34;, &#xE15;&#xE32;&#xE23;&#xE32;&#xE07; ; </subfield>
    <subfield code="c">26 &#xE0B;&#xE21;.</subfield>
  </datafield>
  <datafield tag="505" ind1="2" ind2=" ">
    <subfield code="a">&#xE1A;&#xE17;&#xE17;&#xE35;&#xE48; 1 &#xE04;&#xE27;&#xE32;&#xE21;&#xE23;&#xE39;&#xE49;&#xE1E;&#xE37;&#xE49;&#xE19;&#xE10;&#xE32;&#xE19;&#xE40;&#xE01;&#xE35;&#xE48;&#xE22;&#xE27;&#xE01;&#xE31;&#xE1A;&#xE19;&#xE42;&#xE22;&#xE1A;&#xE32;&#xE22;&#xE2A;&#xE32;&#xE18;&#xE32;&#xE23;&#xE13;&#xE30; -- &#xE1A;&#xE17;&#xE17;&#xE35;&#xE48; 2 &#xE15;&#xE31;&#xE27;&#xE41;&#xE1A;&#xE1A;&#xE2A;&#xE33;&#xE2B;&#xE23;&#xE31;&#xE1A;&#xE01;&#xE32;&#xE23;&#xE28;&#xE36;&#xE01;&#xE29;&#xE32;&#xE19;&#xE42;&#xE22;&#xE1A;&#xE32;&#xE22;&#xE2A;&#xE32;&#xE18;&#xE32;&#xE23;&#xE13;&#xE30; -- &#xE1A;&#xE17;&#xE17;&#xE35;&#xE48; 3 &#xE01;&#xE32;&#xE23;&#xE01;&#xE33;&#xE2B;&#xE19;&#xE14;&#xE27;&#xE31;&#xE15;&#xE16;&#xE38;&#xE1B;&#xE23;&#xE30;&#xE2A;&#xE07;&#xE04;&#xE4C;&#xE19;&#xE42;&#xE22;&#xE1A;&#xE32;&#xE22;&#xE2A;&#xE32;&#xE18;&#xE32;&#xE23;&#xE13;&#xE30; -- &#xE1A;&#xE17;&#xE17;&#xE35;&#xE48; 4 &#xE01;&#xE23;&#xE2D;&#xE1A;&#xE01;&#xE32;&#xE23;&#xE28;&#xE36;&#xE01;&#xE29;&#xE32;&#xE19;&#xE42;&#xE22;&#xE1A;&#xE32;&#xE22;&#xE2A;&#xE32;&#xE18;&#xE32;&#xE23;&#xE13;&#xE30; -- &#xE1A;&#xE17;&#xE17;&#xE35;&#xE48; 5 &#xE01;&#xE32;&#xE23;&#xE01;&#xE33;&#xE2B;&#xE19;&#xE14;&#xE19;&#xE42;&#xE22;&#xE1A;&#xE32;&#xE22;&#xE2A;&#xE32;&#xE18;&#xE32;&#xE23;&#xE13;&#xE30; -- &#xE1A;&#xE17;&#xE17;&#xE35;&#xE48; 6 &#xE01;&#xE32;&#xE23;&#xE19;&#xE33;&#xE19;&#xE42;&#xE22;&#xE1A;&#xE32;&#xE22;&#xE2A;&#xE32;&#xE18;&#xE32;&#xE23;&#xE13;&#xE30;&#xE44;&#xE1B;&#xE1B;&#xE0F;&#xE34;&#xE1A;&#xE31;&#xE15;&#xE34; -- &#xE1A;&#xE17;&#xE17;&#xE35;&#xE48; 7 &#xE01;&#xE32;&#xE23;&#xE1B;&#xE23;&#xE30;&#xE40;&#xE21;&#xE34;&#xE19;&#xE1C;&#xE25;&#xE19;&#xE42;&#xE22;&#xE1A;&#xE32;&#xE22;&#xE2A;&#xE32;&#xE18;&#xE32;&#xE23;&#xE13;&#xE30; -- &#xE1A;&#xE17;&#xE17;&#xE35;&#xE48; 8 &#xE04;&#xE27;&#xE32;&#xE21;&#xE23;&#xE39;&#xE49;&#xE40;&#xE1A;&#xE37;&#xE49;&#xE2D;&#xE07;&#xE15;&#xE49;&#xE19;&#xE40;&#xE01;&#xE35;&#xE48;&#xE22;&#xE27;&#xE01;&#xE31;&#xE1A;&#xE01;&#xE32;&#xE23;&#xE27;&#xE32;&#xE07;&#xE41;&#xE1C;&#xE19; -- &#xE1A;&#xE17;&#xE17;&#xE35;&#xE48; 9 &#xE01;&#xE23;&#xE30;&#xE1A;&#xE27;&#xE19;&#xE01;&#xE32;&#xE23;&#xE27;&#xE32;&#xE07;&#xE41;&#xE1C;&#xE19;.</subfield>
  </datafield>
  <datafield tag="650" ind1=" " ind2="4">
    <subfield code="a">&#xE19;&#xE42;&#xE22;&#xE1A;&#xE32;&#xE22;&#xE2A;&#xE32;&#xE18;&#xE32;&#xE23;&#xE13;&#xE30;</subfield>
    <subfield code="9">284</subfield>
  </datafield>
  <datafield tag="650" ind1=" " ind2="4">
    <subfield code="a">&#xE19;&#xE42;&#xE22;&#xE1A;&#xE32;&#xE22;&#xE28;&#xE32;&#xE2A;&#xE15;&#xE23;&#xE4C;</subfield>
    <subfield code="9">37292</subfield>
  </datafield>
  <datafield tag="942" ind1=" " ind2=" ">
    <subfield code="2">lcc</subfield>
    <subfield code="c">GB</subfield>
  </datafield>
  <datafield tag="952" ind1=" " ind2=" ">
    <subfield code="0">0</subfield>
    <subfield code="1">0</subfield>
    <subfield code="2">lcc</subfield>
    <subfield code="4">0</subfield>
    <subfield code="7">0</subfield>
    <subfield code="8">CGBL</subfield>
    <subfield code="a">NALT</subfield>
    <subfield code="b">NALT</subfield>
    <subfield code="c">GEN</subfield>
    <subfield code="d">2024-02-28</subfield>
    <subfield code="e">192</subfield>
    <subfield code="l">2</subfield>
    <subfield code="m">2</subfield>
    <subfield code="o">H 97 &#xE1B;266&#xE19; 2566</subfield>
    <subfield code="p">3961222659</subfield>
    <subfield code="r">2025-01-10</subfield>
    <subfield code="s">2024-12-27</subfield>
    <subfield code="w">2024-02-28</subfield>
    <subfield code="y">GB</subfield>
  </datafield>
  <datafield tag="996" ind1=" " ind2=" ">
    <subfield code="a">saiphon.d</subfield>
    <subfield code="b">CATSTF	</subfield>
    <subfield code="c">2024-03-11</subfield>
  </datafield>
  <datafield tag="999" ind1=" " ind2=" ">
    <subfield code="c">104768</subfield>
    <subfield code="d">104768</subfield>
  </datafield>
  <datafield tag="998" ind1=" " ind2=" ">
    <subfield code="j">111</subfield>
    <subfield code="k"> &#xE19;&#xE32;&#xE07;&#xE2A;&#xE32;&#xE27;&#xE1E;&#xE08;&#xE1E;&#xE34;&#xE13;  &#xE1E;&#xE23;&#xE21;&#xE40;&#xE2D;&#xE35;&#xE48;&#xE22;&#xE21;</subfield>
  </datafield>
</record>
